000 01028nam a22003497a 4500
001 BR0101112
003 BR-BrBNA
005 20230928100807.0
007 ta
008 230509b bl.||||| |||| 00| 0 por d
040 _aBR-BrBNA
_bpor
_cBiblioteca Nacional de Agricultura
041 _a(Por)
072 _aE50
090 _ E50 BR0101112
100 1 _aOliveira, C.G. de S.
100 1 _aMoura, J.C. de
100 1 _aAmbrosano, M.E.R.
100 1 _aSgai, M.
100 1 _aGraner, P.F.
111 1 _aCongresso Brasileiro de Turismo Rural
_cPiracicaba, SP (Brazil)
_d1999
245 1 _aAnais do Congresso Brasileiro de Turismo Rural: turismo no espaco rural brasileiro
260 3 _aPiracicaba, SP (Brasil):
_c1999.
300 _a239 p.
500 _aSeveral bibliography; Summaries (Eng, Por)
650 _aTurismo
650 _aDesenvolvimento Rural
650 _aPreservacao da Natureza
650 _aLegislacao
650 _aPolitica Nacional
909 _a202309
_bLucia
_c55
_dLucia Elande
942 _cBK
999 _c62829
_d62829